| 000 | 01668nam a2200241Ia 4500 | ||
|---|---|---|---|
| 008 | 260220t1984||||xx |||||||||||||| ||spa|| | ||
| 040 |
_aPY-SlUNAC _bspa _erda |
||
| 041 | _aspa | ||
| 082 |
_a863 _bM795a |
||
| 100 |
_aMorante, Elsa _eAutor |
||
| 245 | 0 |
_aAraceli / _cpor Elsa Morante [Autor] |
|
| 264 |
_aBarcelona : _bBruguera, _c℗1984. |
||
| 300 | _a1 volumen | ||
| 520 | _aEl libro de Elsa Morante, publicado en 1984 por Bruguera, explora temas de identidad, memoria y la complejidad de las relaciones humanas en el contexto socio-político de la época. A través de una prosa rica y evocadora, la autora narra historias entrelazadas que reflejan la lucha interna de sus personajes, quienes enfrentan las consecuencias de sus decisiones y el impacto del entorno en sus vidas. Morante utiliza un estilo narrativo innovador, combinando elementos de realismo y fantasía, lo que permite una reflexión profunda sobre la condición humana. La obra también aborda la desigualdad social y las dinámicas de poder, presentando un microcosmos de la sociedad que invita al lector a cuestionar las estructuras establecidas. Con un enfoque en la subjetividad y la experiencia personal, el libro se convierte en una meditación sobre el amor, la pérdida y la búsqueda de sentido en un mundo caótico. En definitiva, es una contribución significativa a la literatura contemporánea que sigue resonando en la actualidad. | ||
| 653 | _aFicción | ||
| 653 | _aLiteratura | ||
| 653 | _aNarrativa | ||
| 942 |
_b2026/02/17 _cBK |
||
| 999 |
_c9300 _d9300 |
||